000
00319nam a22001337a 4500
008
180201b xxu||||| |||| 00| 0 eng d
020
_a
3540152296
041
_a
eng
080
_a
330
100
_a
52
101
_a
EKO
245
_a
Lecture Notes in Economics and Mathematical Systems
_c
Beckmann, M
942
_2
udc
_c
BK
999
_c
41489
_d
41489